000 01113nam a22002537a 4500
003 PE SENCICO BE
005 20251020182646.0
008 231109b |||||||| |||| 00| 0 eng d
040 _aPE SENCICO BE
_cPE SENCICO BE
041 _aspa
084 _aI
_aRED
_a2018
_bS21
100 1 _91764
_aSantos Erazo, Julio Cesar
_eautor
245 1 _aOperación y mantenimiento de redes de alcantarillado con equipo hidrojet /
_cJulio Cesar Santos Erazo
260 _aLima :
_c2018
300 _a21 h. :
_bil. col., diagrs., tabls. ;
_c30 cm.
502 _aMonografía de Titulación.-- Servicio Nacional de Capacitación para la Industria de la Construcción. Escuela Superior Técnica. Carrera Profesional Técnica en Redes de Agua Potable y Agua Residual, 2018
650 1 0 _91733
_aRedes de distribución de agua
650 2 0 _91763
_aSistema de agua potable y alcantarillado
650 2 0 _91755
_aAlcantarillado
650 2 0 _996
_aSeguridad industrial
710 1 _aServicio Nacional de Capacitación para la Industria de la Construcción.
_bEscuela Superior Técnica
_91065
910 _bhfp
_chfp
942 _cMON
999 _c4423
_d4423